000
00310nam a22001217a 4500
008
160510b xxu||||| |||| 00| 0 eng d
020
_a
9780072351132
020
_a
0072351136
041
_a
eng
080
_a
611
245
_a
Anatomy Phsiology:
_c
Rod R. Seeley; Trent D. Stephens; Philip Tate;
942
_2
udc
_c
BK
999
_c
1952
_d
1952